Агентурное сообщение (шифртелеграмма) из Лондона об операции "Цитадель"

RUSMARC
00003813cbm0a2200265#x 450
0016acf0f04-4931-49c0-9f55-198b0f638f4d
00520240624171949.0
100##$a20240620j19430430k###0rusy50 ca
1010#$arus
102##$aGB
105##$ay###z########
1220#$ad19430430##
2001#$aАгентурное сообщение (шифртелеграмма) из Лондона об операции "Цитадель"
$j30 апреля 1943 г.
251##$cДокумент
300##$aЗаверенная копия
605##$2acquisition_Prlib
$3LIBNET\UAF\0000088514
$aВторая мировая война в архивных документах (Комплекс оцифрованных архивных документов, кино- и фотоматериалов)
$lколлекция
6061#$2prlib_sh
$3LIBNET\UAF\0000112374
$aМеждународные отношения
$z1942 - 1944
$jДокументы и материалы
6061#$2nlr_sh
$3RU\NLR\AUTH\6650747
$aВторая мировая война
$z1939 - 1945
$xАнтигитлеровская коалиция
$jДокументы и материалы
6061#$2nlr_sh
$3RU\NLR\AUTH\661362599
$a"Цитадель", наступательная операция немецко-фашистских войск
$z1943
$jДокументы и материалы
686##$a63.3(0)62-6ю1
$vLBC/M
$2rubbk
801#0$aRU
$bПБ им. Б.Н. Ельцина
$c20240620
801#1$aRU
$bПБ им. Б.Н. Ельцина
$c20240620
$2rusmarc
801#2$aRU
$bПБ им. Б.Н. Ельцина
$c20240624
$2rusmarc
850##$aАрхив Службы внешней разведки России
852##$aАрхив СВР России
$jЛ. 807-807об.
035##$aLIBNET\0001407037
937##$d192480061
$hФедеральное архивное агентство
8564#$uhttp://readingroom.main.prlib.ru/item.aspx?id_node=n192480061&mode=full
Формат отображения